000 00650nam a2200241 i 4500
001 bgj
100 1 _aDURZAK, Manfred.
245 1 0 _aHermann Broch, Dichtung und Erkenntnis :
_bStudien zum dichterischen Werk /
_cManfred Durzak.
260 _aStuttgart :
_bKohlhammer,
_c1978.
300 _a247 s. ;
_c21 cm.
490 1 _aSprache und Literatur
_v102
504 _aIndeks.
650 9 _aLiteratura niemiecka
830 _aSprache und Literatur
020 _a317004463X
040 _cBPK
041 0 _ager
044 _aDEU
080 _a821.112.2
920 _a3-17-004463-X
942 _cKS
008 s gw f |000 0 ger
999 _c50281
_d50281
856 _uhttp://koha.tu.koszalin.pl/cgi-bin/koha/opac-detail.pl?biblionumber=50281
_yKatalog online BPK